Drawing spaceships and other space craft (Record no. 187)
[ view plain ]
| 000 -LEADER | |
|---|---|
| fixed length control field | 00425nam a22001457a 4500 |
| 003 - CONTROL NUMBER IDENTIFIER | |
| control field | OSt |
| 005 - DATE AND TIME OF LATEST TRANSACTION | |
| control field | 20160727222345.0 |
| 008 - FIXED-LENGTH DATA ELEMENTS--GENERAL INFORMATION | |
| fixed length control field | 160621b xxu||||| |||| 00| 0 eng d |
| 040 ## - CATALOGING SOURCE | |
| Transcribing agency | TEST |
| 100 ## - MAIN ENTRY--PERSONAL NAME | |
| 9 (RLIN) | 234 |
| Personal name | Bolognese, D |
| 245 ## - TITLE STATEMENT | |
| Title | Drawing spaceships and other space craft |
| Remainder of title | Drawing spaceships and other space craft |
| 260 ## - PUBLICATION, DISTRIBUTION, ETC. (IMPRINT) | |
| Place of publication, distribution, etc. | N.V |
| Name of publisher, distributor, etc. | A grover com. |
| Date of publication, distribution, etc. | 1982 |
| 300 ## - PHYSICAL DESCRIPTION | |
| Extent | Drawing spaceships and other space craft |
| 942 ## - ADDED ENTRY ELEMENTS (KOHA) | |
| Source of classification or shelving scheme | Dewey Decimal Classification |
| Koha item type | BOOK |
| Withdrawn status | Lost status | Source of classification or shelving scheme | Damaged status | Not for loan | Home library | Current library | Shelving location | Date acquired | Total Checkouts | Total Renewals | Full call number | Barcode | Checked out | Date last seen | Date last checked out | Price effective from | Koha item type |
|---|---|---|---|---|---|---|---|---|---|---|---|---|---|---|---|---|---|
| Dewey Decimal Classification | Good Samaritan School Library | Good Samaritan School Library | FICTION | 06/21/2016 | 7 | 1 | 520 | BOL317 | 10/22/2025 | 10/15/2025 | 10/15/2025 | 06/21/2016 | BOOK |